The rise and fall of Lend Lease (Record no. 68396)

MARC details
000 -LEADER
fixed length control field 00884cam a2200193 4500
001 - CONTROL NUMBER
control field ABS64516
008 - FIXED-LENGTH DATA ELEMENTS--GENERAL INFORMATION
fixed length control field 010926n2001 000 0 eng u
035 ## - SYSTEM CONTROL NUMBER
System control number (Sirsi) u114866
100 ## - MAIN ENTRY--PERSONAL NAME
Personal name Barrie, G.
245 #4 - TITLE STATEMENT
Title The rise and fall of Lend Lease
260 ## - PUBLICATION, DISTRIBUTION, ETC.
Date of publication, distribution, etc. 2001
490 ## - SERIES STATEMENT
Series statement Property Week
Volume/sequential designation 66(36), 7 September 2001, 46-48(3)
520 ## - SUMMARY, ETC.
Summary, etc. Lend Lease, the Australian property developer, was created 43 years ago and has been responsible for such prestigious projects as the Sydney Opera House, and Bluewater shopping centre in the UK. However, over the last 22 months, the company's profits and share price have slumped significantly, so that analysts believe it could soon be broken up. Examines the reasons for the fall of the development giant.
590 ## - LOCAL NOTE (RLIN)
Local note ABS
650 ## - SUBJECT ADDED ENTRY--TOPICAL TERM
Topical term or geographic name entry element LEND LEASE
650 ## - SUBJECT ADDED ENTRY--TOPICAL TERM
Topical term or geographic name entry element DECLINE
690 ## - LOCAL SUBJECT ADDED ENTRY--TOPICAL TERM (OCLC, RLIN)
Topical term or geographic name as entry element PROPERTY-PROPERTY DEVELOPMENT
942 ## - ADDED ENTRY ELEMENTS (KOHA)
Suppress in OPAC 0
Holdings
Withdrawn status Lost status Source of classification or shelving scheme Damaged status Not for loan Home library Current library Shelving location Date acquired Total Checkouts Full call number Barcode Date last seen Copy number Price effective from Koha item type
    Dewey Decimal Classification     London London Journal article 26/09/2001   ABS64516 114866-1001 06/08/2019 1 06/08/2019 Journal article